Guerres par personnages clés - Click Quiz - Statistiques

Statistiques générales
  • Ce quiz a été pris 70 fois
  • Le résultat moyen est 13 sur 16
Statistiques - réponses
Hint Réponse % Correct
Charles de Gaulle, Winston Churchill, Adolf Hitler, Benito Mussolini Seconde Guerre Mondiale
95%
Jules César, Vercingétorix, Marc Antoine, Ambiorix Guerre des Gaules
94%
Nguyễn Văn Thiệu, Hô Chi Minh, Mao Zedong, Dwight Eisenhower Guerre du Vietnam
92%
Rouhollah Khomeini, Saddam Hussein, Ali Khamenei, Tarek Aziz Guerre Iran-Irak
92%
Meiji, Kuroki Tamemoto, Nicolas II, Ievgueni Alekseïev Guerre russo-japonaise
92%
Philippe VI, Jeanne d'Arc, Édouard III, Henry IV Guerre de Cent Ans
90%
George Washington, Gilbert de la Fayette, William Howe, Thomas Cage Guerre d'indépendance des États-Unis
90%
Périclès, Alcibiade, Lysandre, Archidamos II Guerre du Péloponnèse
87%
Georges Clémenceau, Woodrow Wilson, Guillaume II, François-Joseph Ier Première Guerre Mondiale
87%
Victor-Emmanuel II, Giuseppe Garibaldi, François-Joseph Ier, Franz Khun Troisième guerre d'Indépendance italienne
82%
Scipion l'Africain, Hannibal Barca, Caius Flaminius Nepos, Maharbal Deuxième guerre punique
81%
Abraham Lincoln, Ulysses Grant, Jefferson Davis, Robert Lee Guerre de Sécession
79%
Louis XV, Catherine II, George II, Frédéric II Guerre de Sept Ans
73%
Henri VII, William Stanley, Richard III, Edmond Plantagenêt Guerre des Deux-Roses
69%
Philippe Auguste, Richard Cœur de Lion, Frédéric Barberousse, Saladin Troisième Croisade
69%
Pierre le Grand, Frédéric IV, Charles XII, Stanislas Leszczynski Grande guerre du Nord
65%
Aucun quiz correspondant
Distribution des résultats
% des personnes avec chaque résultat
Percentile par nombre de réponses
Votre historique - résultats
Vous n’avez pas pris ce quiz